00264nam a2200097 a 4500008004100000050001800041100002000059245003000079260004800109350000900157120416s1965 ||||||||||||||||| || u aHF 5548.8 Sch aSchein, Edgar H10aOrganizational psychology aEnglewood CliffsbN.J., Prentice-Hallc1965 a0.00